The 20 Highest Buildings in the World - Statistics

General Stats
  • This quiz has been taken 7 times
  • The average score is 3 of 20
Answer Stats
Height City Answer % Correct
828 Dubai Burj Khalifa
100%
541 New York City One World Trade Center
50%
508 Taipei Taipei 101
50%
601 Mecca Abraj al Bait Clock Tower
33%
472 New York City Central Park Tower
33%
632 Shanghai Shanghai Tower
33%
679 Kuala Lumpur Merdeka 118
17%
599 Shenzhen Ping An International Finance Centre
17%
452 Changsha Changsha IFS Tower T1
0%
528 Beijing CITIC Tower
0%
530 Guangzhou Guangzhou CTF Finance Centre
0%
484 Hong Kong International Commerce Centre
0%
462 Saint Petersburg Lakhta Center
0%
555 Seoul Lotte Tower
0%
452 Kuala Lumpur Petronas Twin Tower 1
0%
452 Kuala Lumpur Petronas Twin Tower 2
0%
492 Shanghai Shanghai World Financial Centre
0%
530 Tianjin Tianjin CTF Finance Centre
0%
461 Ho Chi Minh City Vincom Landmark 81
0%
476 Wuhan Wuhan Greenland Centre
0%
No matching quizzes found
Score Distribution
Percent of People with Each Score
Percentile by Number Answered
Your Score History
You have not taken this quiz